000 00689nam a2200301Ia 4500
005 20260401122446.0
008 008 250103s9999 xx 000 0 eng d
020 _a9780198182665
037 _aTB
040 _aEDL
040 _beng
040 _cEDL
041 _2eng
041 _aeng
084 _a941.06CHA
084 _qEDL
100 _aChakravorty, Swapan
_91233279
245 0 _aSociety and politics in the plays of Thomas Middleton
245 0 _cChakravorty, Swapan
260 _aOxford
260 _bClarendon Press
260 _c1996
300 _a230p
942 _cTB
942 _h941.06CHA
999 _c1847418
_d1847418